Online Catalogue and eLibrary

Disciplining Foucault : (Record no. 52)

MARC details
000 -LEADER
fixed length control field 00604pam a2200205 a 4500
001 - CONTROL NUMBER
control field 4849830
005 - DATE AND TIME OF LATEST TRANSACTION
control field 20231122014718.0
008 - FIXED-LENGTH DATA ELEMENTS--GENERAL INFORMATION
fixed length control field 910102s1991 nyu b 001 0 eng
020 ## - INTERNATIONAL STANDARD BOOK NUMBER
ISBN 0415901871 (hard)
020 ## - INTERNATIONAL STANDARD BOOK NUMBER
ISBN 041590188X (pbk.)
040 ## - CATALOGING SOURCE (பட்டியலாக்க மூலம்)
Original cataloging agency DLC
Transcribing agency DLC
Modifying agency DLC
082 00 - DDC Classification
Class No. 305.42/01
DDC Edition Number 20
100 1# - MAIN ENTRY--PERSONAL NAME
Personal name Sawicki, Jana.
245 10 - TITLE STATEMENT
Title Disciplining Foucault :
Remainder of title feminism, power, and the body /
Statement of responsibility, etc. Jana Sawicki.
260 ## - PUBLICATION, DISTRIBUTION, ETC.
Place of publication, distribution, etc. New York :
Name of publisher, distributor, etc. Routledge,
Date of publication, distribution, etc. 1991.
300 ## - PHYSICAL DESCRIPTION
Extent (e.g. Volumes, Pages etc.) xiii, 130 p. ;
650 #0 - SUBJECT ADDED ENTRY--TOPICAL TERM
Topical term or geographic name entry element Feminist theory.
856 42 - ELECTRONIC LOCATION AND ACCESS
Uniform Resource Identifier <a href="http://www.loc.gov/catdir/enhancements/fy0651/91000142-d.html">http://www.loc.gov/catdir/enhancements/fy0651/91000142-d.html</a>
942 ## - Koha item type (Biblio)
Koha item type Books in Stacks (Lending)

No items available.

© WERC Library